Statystyki dla 15 krajów o największej liczbie zgonów Covid19 - 26 mar 2021

Kliknij tutaj aby rozwiązać quiz!

Ogólne statystyki

  • Ten quiz został rozwiązany 29 razy
  • Średni wynik to 15 z 25

Statystyki odpowiedzi

kraj% Poprawnych
Polska
96%
Stany Zjednoczone
96%
Rosja
93%
Francja
85%
Włochy
85%
Brazylia
81%
Niemcy
81%
Hiszpania
78%
Wielka Brytania
78%
Czechy
70%
Indie
70%
Meksyk
70%
Argentyna
67%
Słowacja
63%
Belgia
56%
Portugalia
56%
Słowenia
44%
Iran
41%
Kolumbia
41%
Peru
33%
Republika
Południowej Afryki
30%
Bułgaria
26%
Węgry
26%
Macedonia Północna
19%
Bośnia i Hercegowina
15%

Rozkład punktacji

Percentyl według liczby udzielonych odpowiedzi

Procent ludzi z każdym wynikiem

Twoja historia wyników

Nie rozwiązałeś tego quizu